00550nam a2200157 a 450000100100000000500170001000800410002704000250006808200170009310000380011024500760014826000740022430000280029850000430032665000230036900003141820240322181140.0110622s1957 dr a 000 0 spa d aDO-SdBNPbspacBNPHU a780.9bN789g1 aNolasco, Flérida de,d1891-197610aGrandes momentos de la historia de la música /cFlérida de Nolasco. aCiudad Trujillo, República Dominicana :bEditora del Caribe,c1957. a256 p. :bil. ;c21 cm. aIncluye notas al pie de las páginas. 4aMúsicaxHistoria